Score 0/70 Timer 07:00
0 Plays Today
Hint 4-Letter Word % Correct
Breathing organLUNG
93.3%
◯ Actress: ____ Winslet in 'Labor Day' ◯◯KATE◯
93.1%
◯ Actor: Christian ____ in 'American Hustle' ◯◯BALE◯
92.6%
Not domesticatedWILD
92.2%
◯ Movie: 'The Hunger Games: Catching ____' ◯◯FIRE◯
92.1%
◯ Actress: ____ Blanchett in [rung 35] Jasmine ◯◯CATE◯
91.8%
Deep affectionLOVE
91.8%
Place documents or folders in orderFILE
91.7%
Liver outputBILE
91.6%
Leafy cabbage varietyKALE
91.5%
Solitary, singleLONE
91.2%
Bus or taxi feeFARE
91%
African country: ____ d'IvoireCÔTE
90.4%
Small sheltered bayCOVE
90.2%
Situated a painting on wallHUNG
89.9%
Information for solving a mysteryCLUE
89.4%
President George H. W.BUSH
88.8%
Beach grainsSAND
88.4%
◯ Movie: 'Mandela: ____ [rung 69] to Freedom' ◯◯LONG◯
88.3%
Chimney residueSOOT
87.6%
◯ Movie: 'Dallas Buyers ____' ◯◯CLUB◯
87.5%
Not the wholePART
86.5%
Instrumental music groupBAND
86.1%
Trim the outer edgePARE
85.1%
Prepare a mealCOOK
85%
Given due wagesPAID
84.9%
Small bucketPAIL
84.9%
Wine bottle stopperCORK
84.6%
Racial insultSLUR
84.3%
◯ Movie: '____ Jasmine' ◯◯BLUE◯
84.1%
◯ Movie: 'Enough ____' ◯◯SAID◯
84%
Pirate earningsLOOT
84%
Fragrant flowerROSE
83.2%
Lemon flavorSOUR
82.2%
Labor, employmentWORK
81.7%
Hint 4-Letter Word % Correct
Make unclear or less distinctBLUR
81.5%
◯ Movie about Formula 1 racing ◯◯RUSH◯
81.1%
Ripped apartTORN
80.1%
Criticize severelyBASH
79.6%
Narrow openingSLOT
79%
Small skin openingPORE
78.8%
Blog entryPOST
78.5%
R & B + gospel music styleSOUL
78.5%
◯ Japanese movie: 'The ____ Rises' ◯◯WIND◯
78.4%
◯ 'Captain Phillips' director: ____ Greengrass ◯◯PAUL◯
78.2%
1st, 2nd, or 3rd in MLBBASE
78.1%
Israel's first kingSAUL
78.1%
◯ Movie: 'All is ____' ◯◯LOST◯
77.9%
Deceitful actionRUSE
77.8%
◯ Movie: 'The ____ Thief' ◯◯BOOK◯
77%
Posterior or female deerHIND
76.8%
Scourge; cause of great distress BANE
76%
◯ Iranian movie: 'The ____' ◯◯PAST◯
75.2%
◯ Movie: 'The ____ of [rung 70] Street' ◯◯WOLF◯
73.9%
Animated filmTOON
73.8%
Slovenly personSLOB
73.6%
Heavy cord of tightly intertwined fiberROPE
72.6%
Wooded upland (Old English)WOLD
72.5%
This column headingHINT
71.5%
◯ Movie: 'Mandela: [rung 10] ____ to Freedom' ◯◯WALK◯
71.3%
Thick bump in yarn SLUB
71.2%
◯ Movie: 'The [rung 1] of ____ Street' ◯◯WALL◯
71.2%
◯ Danish movie: 'The ____' ◯◯HUNT◯
69.8%
Migratory slender seabirdTERN
69.1%
Benefit, blessingBOON
68.6%
◯ 'Philomena' screenplay: Jeff ____◯POPE◯
66.8%
Ache, pain (UK)WARK
64.7%
◯ Actor: Bruce ____ in 'Nebraska' ◯◯DERN◯
59.5%
Star Trek Worf actor MichaelDORN
52.9%
French artist 'Paul' Gustave ____DORÉ
51.6%

Today's Daily Dose

Remove Ads.
Support Sporcle.
Get the best of Sporcle when you Go Orange. This ad-free experience offers more features, more stats, and more fun while also helping to support Sporcle. Thank you for becoming a member.

You're not logged in!

Compare scores with friends on all Sporcle quizzes.
OR
Log In

Sporcle TV

Today on Sporcle TV


Watch our educational content, quiz creation guides, and fun videos on Sporcle TV.

Show Comments

Extras

Top Quizzes Today


Score Distribution

Paid Content

Your Account Isn't Verified!

In order to create a playlist on Sporcle, you need to verify the email address you used during registration. Go to your Sporcle Settings to finish the process.

Report this User

Report this user for behavior that violates our Community Guidelines.

Details: